President By Caricature - Statistics

General Stats
  • This quiz has been taken 28 times
  • The average score is 36 of 46
Answer Stats
Picture Answer % Correct
George Washington
100%
Barack Obama
92%
Donald Trump
92%
Joe Biden
92%
Richard Nixon
92%
Ronald Reagan
92%
Abraham Lincoln
88%
Bill Clinton
88%
Dwight D Eisenhower
88%
Franklin D Roosevelt
88%
George H W Bush
88%
George W Bush
88%
Gerald Ford
88%
John F Kennedy
88%
Theodore Roosevelt
88%
Jimmy Carter
85%
John Adams
85%
John Quincy Adams
85%
Thomas Jefferson
85%
Herbert Hoover
81%
Lyndon B Johnson
81%
Ulysses S Grant
81%
Andrew Jackson
77%
Andrew Johnson
77%
Harry Truman
77%
James A Garfield
77%
Woodrow Wilson
77%
Calvin Coolidge
73%
James Madison
73%
William Howard Taft
73%
Benjamin Harrison
69%
James Buchanan
69%
James Monroe
69%
William Henry Harrison
69%
William McKinley
69%
James K Polk
65%
Martin Van Buren
65%
Zachary Taylor
65%
Franklin Pierce
62%
Grover Cleveland
62%
Grover Cleveland
62%
Chester A Arthur
58%
John Tyler
58%
Millard Fillmore
58%
Warren Harding
58%
Rutherford B Hayes
54%
No matching quizzes found
Score Distribution
Percent of People with Each Score
Percentile by Number Answered
Your Score History
You have not taken this quiz